[Event "2025 National K-12 Grade Championship"]
[Site "Spokane, WI USA, United States"]
[Date "2025.12.12"]
[Round "2.16"]
[White "Zhu, Ryan"]
[Black "Paleja, Jax"]
[Result "1-0"]
[TimeControl "G/90; d10"]
[WhiteFideId "30951828"]
[BlackFideId "39968200"]
[WhiteElo "2101"]
[BlackElo "1746"]

1. e4 {[%clk 01:30:00]} c5 {[%clk 01:30:00]} {[%emt 00:00:06]} 2. Nf3 {[%clk
01:30:00]} {[%emt 00:00:05]} Nc6 {[%clk 01:30:00]} {[%emt 00:00:06]} 3. d4
{[%clk 01:30:00]} {[%emt 00:00:05]} cxd4 {[%clk 01:30:00]} {[%emt 00:00:10]} 4.
Nxd4 {[%clk 01:30:00]} {[%emt 00:00:03]} g6 {[%clk 01:30:00]} {[%emt 00:00:08]}
5. Be3 {[%clk 01:24:41]} {[%emt 00:05:28]} Bg7 {[%clk 01:29:00]} {[%emt
00:01:11]} 6. Nc3 {[%clk 01:22:34]} {[%emt 00:02:18]} d6 {[%clk 01:27:10]}
{[%emt 00:02:00]} 7. Qd2 {[%clk 01:21:41]} {[%emt 00:01:02]} Bd7 {[%clk
01:25:52]} {[%emt 00:01:28]} 8. O-O-O {[%clk 01:16:26]} {[%emt 00:05:23]} Nf6
{[%clk 01:21:32]} {[%emt 00:04:31]} 9. f3 {[%clk 01:15:41]} {[%emt 00:00:53]}
O-O {[%clk 01:20:39]} {[%emt 00:01:05]} 10. Kb1 {[%clk 01:10:21]} {[%emt
00:05:31]} Rc8 {[%clk 01:15:36]} {[%emt 00:05:12]} 11. Nxc6 {[%clk 01:08:42]}
{[%emt 00:01:49]} Bxc6 {[%clk 01:11:16]} {[%emt 00:04:31]} 12. Be2 {[%clk
00:57:59]} {[%emt 00:10:52]} Nd7 {[%clk 00:55:08]} {[%emt 00:16:15]} 13. Bd4
{[%clk 00:51:21]} {[%emt 00:06:51]} Bxd4 {[%clk 00:52:29]} {[%emt 00:02:49]} 14.
Qxd4 {[%clk 00:51:21]} {[%emt 00:00:02]} Qb6 {[%clk 00:50:55]} {[%emt
00:01:43]} 15. Qd2 {[%clk 00:49:33]} {[%emt 00:01:59]} Nf6 {[%clk 00:38:51]}
{[%emt 00:12:14]} 16. g4 {[%clk 00:43:26]} {[%emt 00:06:18]} a5 {[%clk
00:32:02]} {[%emt 00:06:57]} 17. Qh6 {[%clk 00:37:21]} {[%emt 00:06:15]} a4
{[%clk 00:27:00]} {[%emt 00:05:13]} 18. a3 {[%clk 00:35:18]} {[%emt 00:02:13]}
Bd7 {[%clk 00:23:32]} {[%emt 00:03:37]} 19. Nd5 {[%clk 00:27:26]} {[%emt
00:08:03]} Nxd5 {[%clk 00:21:53]} {[%emt 00:01:49]} 20. Rxd5 {[%clk 00:26:42]}
{[%emt 00:00:54]} Qf2 {[%clk 00:18:57]} {[%emt 00:03:03]} 21. Rd2 {[%clk
00:25:54]} {[%emt 00:01:00]} Qc5 {[%clk 00:15:49]} {[%emt 00:03:14]} 22. h4
{[%clk 00:23:01]} {[%emt 00:03:08]} Be6 {[%clk 00:13:51]} {[%emt 00:02:03]} 23.
Bd3 {[%clk 00:20:14]} {[%emt 00:03:01]} Qe5 {[%clk 00:10:48]} {[%emt 00:03:11]}
24. h5 {[%clk 00:18:44]} {[%emt 00:01:43]} g5 {[%clk 00:09:36]} {[%emt
00:01:22]} 25. Rf1 {[%clk 00:14:20]} {[%emt 00:04:34]} Qg7 {[%clk 00:07:47]}
{[%emt 00:01:58]} 26. Qxg7+ {[%clk 00:14:20]} {[%emt 00:00:06]} Kxg7 {[%clk
00:07:47]} {[%emt 00:00:07]} 27. Rfd1 {[%clk 00:12:20]} {[%emt 00:02:10]} Bc4
{[%clk 00:07:08]} {[%emt 00:00:48]} 28. Bxc4 {[%clk 00:11:39]} {[%emt
00:00:52]} Rxc4 {[%clk 00:07:08]} {[%emt 00:00:06]} 29. Rd5 {[%clk 00:10:56]}
{[%emt 00:00:53]} h6 {[%clk 00:06:20]} {[%emt 00:00:58]} 30. R1d4 {[%clk
00:10:51]} {[%emt 00:00:14]} Rfc8 {[%clk 00:05:48]} {[%emt 00:00:43]} 31. Rxc4
{[%clk 00:10:10]} {[%emt 00:00:52]} Rxc4 {[%clk 00:05:48]} {[%emt 00:00:07]} 32.
Rb5 {[%clk 00:09:55]} {[%emt 00:00:25]} Rc7 {[%clk 00:05:07]} {[%emt 00:00:51]}
33. Rb4 {[%clk 00:09:55]} {[%emt 00:00:05]} Kf6 {[%clk 00:05:03]} {[%emt
00:00:14]} 34. Rxa4 {[%clk 00:09:09]} {[%emt 00:00:55]} Ke5 {[%clk 00:04:46]}
{[%emt 00:00:27]} 35. Rb4 {[%clk 00:07:38]} {[%emt 00:01:42]} Kf4 {[%clk
00:04:44]} {[%emt 00:00:11]} 36. Rb3 {[%clk 00:07:38]} {[%emt 00:00:01]} e6
{[%clk 00:04:22]} {[%emt 00:00:32]} 37. Rd3 {[%clk 00:06:48]} {[%emt 00:01:00]}
Rc6 {[%clk 00:04:22]} {[%emt 00:00:08]} 38. b4 {[%clk 00:06:07]} {[%emt
00:00:51]} b5 {[%clk 00:04:04]} {[%emt 00:00:27]} 39. Kb2 {[%clk 00:06:07]}
{[%emt 00:00:01]} f6 {[%clk 00:03:41]} {[%emt 00:00:35]} 40. Kb3 {[%clk
00:05:29]} {[%emt 00:00:48]} Ke5 {[%clk 00:02:48]} {[%emt 00:01:02]} 41. c3
{[%clk 00:03:45]} {[%emt 00:01:54]} d5 {[%clk 00:02:34]} {[%emt 00:00:24]} 42.
exd5 {[%clk 00:03:42]} {[%emt 00:00:13]} exd5 {[%clk 00:02:34]} {[%emt
00:00:02]} 43. a4 {[%clk 00:03:42]} {[%emt 00:00:01]} bxa4+ {[%clk 00:02:29]}
{[%emt 00:00:15]} 44. Kxa4 {[%clk 00:03:42]} {[%emt 00:00:02]} Kf4 {[%clk
00:01:54]} {[%emt 00:00:45]} 45. Kb5 {[%clk 00:03:42]} {[%emt 00:00:10]} Rc8
{[%clk 00:01:51]} {[%emt 00:00:12]} 46. Ka6 {[%clk 00:03:41]} {[%emt 00:00:13]}
Rc6+ {[%clk 00:01:39]} {[%emt 00:00:22]} 47. Kb7 {[%clk 00:03:41]} {[%emt
00:00:01]} Rc4 {[%clk 00:01:39]} {[%emt 00:00:07]} 48. b5 {[%clk 00:03:41]}
{[%emt 00:00:06]} Rc5 {[%clk 00:01:39]} {[%emt 00:00:07]} 49. b6 {[%clk
00:03:41]} {[%emt 00:00:03]} Ke5 {[%clk 00:01:39]} {[%emt 00:00:07]} 50. Ka7
{[%clk 00:02:53]} {[%emt 00:00:57]} Ra5+ {[%clk 00:01:34]} {[%emt 00:00:16]} 51.
Kb8 {[%clk 00:02:51]} {[%emt 00:00:12]} Kd6 {[%clk 00:01:15]} {[%emt 00:00:29]}
52. b7 {[%clk 00:02:34]} {[%emt 00:00:26]} Rb5 {[%clk 00:00:57]} {[%emt
00:00:28]} 53. c4 {[%clk 00:02:34]} {[%emt 00:00:02]} Rb6 {[%clk 00:00:56]}
{[%emt 00:00:11]} 54. Rxd5+ {[%clk 00:02:34]} {[%emt 00:00:02]} Kc6 {[%clk
00:00:56]} {[%emt 00:00:05]} 55. Rb5 {[%clk 00:02:34]} {[%emt 00:00:02]} Ra6
{[%clk 00:00:54]} {[%emt 00:00:12]} 56. Kc8 {[%clk 00:02:34]} {[%emt 00:00:06]}
Rb6 {[%clk 00:00:44]} {[%emt 00:00:20]} 57. Rxb6+ {[%clk 00:02:34]} {[%emt
00:00:05]} Kxb6 {[%clk 00:00:44]} {[%emt 00:00:02]} 58. b8=Q+ {[%clk 00:02:34]}
{[%emt 00:00:02]} 1-0

[Event "2025 National K-12 Grade Championship"]
[Site "Spokane, WI USA, United States"]
[Date "2025.12.12"]
[Round "2.17"]
[White "Anandh, Vijay Srinivas"]
[Black "Ramdas, Ronav"]
[Result "1-0"]
[TimeControl "G/90; d10"]
[WhiteFideId "30975794"]
[BlackFideId "39963780"]
[WhiteElo "2248"]
[BlackElo "1676"]

1. e4 {[%clk 01:28:32]} {[%emt 00:01:37]} c5 {[%clk 01:30:00]} {[%emt
00:00:05]} 2. d4 {[%clk 01:28:32]} {[%emt 00:00:04]} cxd4 {[%clk 01:29:53]}
{[%emt 00:00:17]} 3. Qxd4 {[%clk 01:28:32]} {[%emt 00:00:06]} Nc6 {[%clk
01:29:53]} {[%emt 00:00:09]} 4. Qd3 {[%clk 01:28:32]} {[%emt 00:00:08]} d6
{[%clk 01:28:32]} {[%emt 00:01:32]} 5. Nc3 {[%clk 01:28:32]} {[%emt 00:00:09]}
g6 {[%clk 01:27:09]} {[%emt 00:01:32]} 6. Nf3 {[%clk 01:28:14]} {[%emt
00:00:28]} Bg7 {[%clk 01:26:41]} {[%emt 00:00:38]} 7. Be2 {[%clk 01:28:14]}
{[%emt 00:00:05]} Nf6 {[%clk 01:23:15]} {[%emt 00:03:36]} 8. O-O {[%clk
01:27:57]} {[%emt 00:00:28]} O-O {[%clk 01:22:54]} {[%emt 00:00:31]} 9. Nd5
{[%clk 01:27:22]} {[%emt 00:00:44]} Bd7 {[%clk 01:04:41]} {[%emt 00:18:24]} 10.
c3 {[%clk 01:25:27]} {[%emt 00:02:05]} Rc8 {[%clk 00:56:49]} {[%emt 00:08:02]}
11. Bg5 {[%clk 01:19:17]} {[%emt 00:06:19]} Ne8 {[%clk 00:53:13]} {[%emt
00:03:44]} 12. Rfd1 {[%clk 01:10:35]} {[%emt 00:08:52]} Nc7 {[%clk 00:46:20]}
{[%emt 00:07:05]} 13. Qe3 {[%clk 01:03:58]} {[%emt 00:06:47]} Ne6 {[%clk
00:36:47]} {[%emt 00:09:43]} 14. Bh4 {[%clk 01:03:08]} {[%emt 00:01:00]} h6
{[%clk 00:25:59]} {[%emt 00:10:57]} 15. Rd2 {[%clk 00:58:59]} {[%emt 00:04:20]}
Re8 {[%clk 00:25:01]} {[%emt 00:01:07]} 16. Rad1 {[%clk 00:56:43]} {[%emt
00:02:25]} Kh7 {[%clk 00:21:43]} {[%emt 00:03:28]} 17. Bg3 {[%clk 00:44:59]}
{[%emt 00:11:54]} f6 {[%clk 00:18:02]} {[%emt 00:03:49]} 18. Nd4 {[%clk
00:40:33]} {[%emt 00:04:38]} Nexd4 {[%clk 00:11:17]} {[%emt 00:06:56]} 19. cxd4
{[%clk 00:40:33]} {[%emt 00:00:09]} e6 {[%clk 00:08:43]} {[%emt 00:02:44]} 20.
Nc3 {[%clk 00:39:17]} {[%emt 00:01:26]} d5 {[%clk 00:07:27]} {[%emt 00:01:25]}
21. Qf3 {[%clk 00:36:57]} {[%emt 00:02:29]} dxe4 {[%clk 00:03:20]} {[%emt
00:04:18]} 22. Nxe4 {[%clk 00:36:31]} {[%emt 00:00:36]} Rf8 {[%clk 00:01:57]}
{[%emt 00:01:33]} 23. d5 {[%clk 00:33:34]} {[%emt 00:03:07]} Ne5 {[%clk
00:01:46]} {[%emt 00:00:21]} 24. Bxe5 {[%clk 00:25:30]} {[%emt 00:08:13]} fxe5
{[%clk 00:01:46]} {[%emt 00:00:03]} 25. Qb3 {[%clk 00:24:22]} {[%emt 00:01:18]}
Qb6 {[%clk 00:01:18]} {[%emt 00:00:39]} 26. Bc4 {[%clk 00:19:54]} {[%emt
00:04:38]} exd5 {[%clk 00:01:08]} {[%emt 00:00:20]} 27. Qxb6 {[%clk 00:19:43]}
{[%emt 00:00:22]} axb6 {[%clk 00:01:08]} {[%emt 00:00:07]} 28. Bxd5 {[%clk
00:19:40]} {[%emt 00:00:12]} Bc6 {[%clk 00:00:57]} {[%emt 00:00:21]} 29. f3
{[%clk 00:19:34]} {[%emt 00:00:16]} Bxd5 {[%clk 00:00:54]} {[%emt 00:00:12]} 30.
Rxd5 {[%clk 00:19:26]} {[%emt 00:00:18]} Rc7 {[%clk 00:00:54]} {[%emt
00:00:01]} 31. Rd6 {[%clk 00:19:08]} {[%emt 00:00:24]} Rc6 {[%clk 00:00:44]}
{[%emt 00:00:25]} 32. Rd7 {[%clk 00:18:57]} {[%emt 00:00:21]} Rc2 {[%clk
00:00:44]} {[%emt 00:00:04]} 33. Rxb7 {[%clk 00:18:49]} {[%emt 00:00:19]} Kg8
{[%clk 00:00:41]} {[%emt 00:00:13]} 34. Rdd7 {[%clk 00:17:29]} {[%emt
00:01:30]} Bh8 {[%clk 00:00:41]} {[%emt 00:00:02]} 35. Rxb6 {[%clk 00:17:27]}
{[%emt 00:00:12]} Rc1+ {[%clk 00:00:36]} {[%emt 00:00:16]} 36. Kf2 {[%clk
00:17:27]} {[%emt 00:00:06]} Rc2+ {[%clk 00:00:36]} {[%emt 00:00:04]} 37. Kg3
{[%clk 00:17:21]} {[%emt 00:00:15]} Bg7 {[%clk 00:00:36]} {[%emt 00:00:06]} 38.
Rxg6 {[%clk 00:16:51]} {[%emt 00:00:40]} Rf7 {[%clk 00:00:36]} {[%emt
00:00:02]} 39. Nf6+ {[%clk 00:15:29]} {[%emt 00:01:32]} Kf8 {[%clk 00:00:33]}
{[%emt 00:00:13]} 40. Rd8+ {[%clk 00:15:25]} {[%emt 00:00:11]} Ke7 {[%clk
00:00:33]} {[%emt 00:00:05]} 41. Re8+ {[%clk 00:15:25]} {[%emt 00:00:07]} Kd6
{[%clk 00:00:33]} {[%emt 00:00:06]} 42. Nh5+ {[%clk 00:15:02]} {[%emt
00:00:33]} Kd7 {[%clk 00:00:12]} {[%emt 00:00:48]} 43. Nxg7 {[%clk 00:15:02]}
{[%emt 00:00:07]} Rxg7 {[%clk 00:00:12]} {[%emt 00:00:04]} 44. Rxg7+ {[%clk
00:15:02]} {[%emt 00:00:08]} Kxe8 {[%clk 00:00:12]} {[%emt 00:00:02]} 45. Rb7
{[%clk 00:15:02]} {[%emt 00:00:06]} 1-0

[Event "2025 National K-12 Grade Championship"]
[Site "Spokane, WI USA, United States"]
[Date "2025.12.12"]
[Round "2.18"]
[White "Raja, Rian"]
[Black "Jammalamadaka, Vihaan"]
[Result "0-1"]
[TimeControl "G/90; d10"]
[BlackTitle "CM"]
[WhiteFideId "150097930"]
[BlackFideId "30977134"]
[WhiteElo "1677"]
[BlackElo "2191"]

1. d4 {[%clk 01:29:29]} {[%emt 00:00:32]} d5 {[%clk 01:28:18]} {[%emt
00:01:53]} 2. c4 {[%clk 01:29:09]} {[%emt 00:00:30]} e6 {[%clk 01:28:18]}
{[%emt 00:00:06]} 3. Nc3 {[%clk 01:28:44]} {[%emt 00:00:34]} a6 {[%clk
01:28:18]} {[%emt 00:00:05]} 4. cxd5 {[%clk 01:26:30]} {[%emt 00:02:23]} exd5
{[%clk 01:28:18]} {[%emt 00:00:02]} 5. Nf3 {[%clk 01:25:52]} {[%emt 00:00:48]}
Nf6 {[%clk 01:28:17]} {[%emt 00:00:12]} 6. Bg5 {[%clk 01:23:55]} {[%emt
00:02:06]} Be6 {[%clk 01:28:17]} {[%emt 00:00:10]} 7. e3 {[%clk 01:23:51]}
{[%emt 00:00:14]} Nbd7 {[%clk 01:27:17]} {[%emt 00:01:09]} 8. Bd3 {[%clk
01:21:59]} {[%emt 00:02:02]} Bd6 {[%clk 01:26:58]} {[%emt 00:00:29]} 9. O-O
{[%clk 01:20:16]} {[%emt 00:01:52]} O-O {[%clk 01:24:59]} {[%emt 00:02:09]} 10.
e4 {[%clk 01:18:23]} {[%emt 00:02:03]} dxe4 {[%clk 01:24:02]} {[%emt 00:01:07]}
11. Bxe4 {[%clk 01:17:14]} {[%emt 00:01:20]} Qc8 {[%clk 01:21:48]} {[%emt
00:02:25]} 12. h3 {[%clk 01:13:56]} {[%emt 00:03:27]} Bc4 {[%clk 01:06:01]}
{[%emt 00:15:56]} 13. Re1 {[%clk 01:06:55]} {[%emt 00:07:12]} h6 {[%clk
01:05:28]} {[%emt 00:00:43]} 14. b3 {[%clk 01:01:23]} {[%emt 00:05:42]} Bb4
{[%clk 00:59:13]} {[%emt 00:06:25]} 15. Rc1 {[%clk 00:52:14]} {[%emt 00:09:19]}
Bxc3 {[%clk 00:57:20]} {[%emt 00:02:04]} 16. Bxf6 {[%clk 00:38:58]} {[%emt
00:13:25]} Bxe1 {[%clk 00:55:12]} {[%emt 00:02:18]} 17. Be7 {[%clk 00:38:21]}
{[%emt 00:00:47]} Re8 {[%clk 00:53:48]} {[%emt 00:01:35]} 18. Qxe1 {[%clk
00:38:03]} {[%emt 00:00:28]} Rxe7 {[%clk 00:53:04]} {[%emt 00:00:53]} 19. Rxc4
{[%clk 00:35:57]} {[%emt 00:02:16]} Qe8 {[%clk 00:50:24]} {[%emt 00:02:50]} 20.
Ne5 {[%clk 00:32:43]} {[%emt 00:03:25]} Nxe5 {[%clk 00:49:57]} {[%emt
00:00:37]} 21. dxe5 {[%clk 00:32:26]} {[%emt 00:00:26]} Rxe5 {[%clk 00:49:22]}
{[%emt 00:00:45]} 22. Qb4 {[%clk 00:32:16]} {[%emt 00:00:19]} b5 {[%clk
00:43:52]} {[%emt 00:05:40]} 23. Bc6 {[%clk 00:30:48]} {[%emt 00:01:38]} Re1+
{[%clk 00:39:29]} {[%emt 00:04:34]} 24. Kh2 {[%clk 00:30:48]} {[%emt 00:00:07]}
Qe5+ {[%clk 00:39:28]} {[%emt 00:00:12]} 25. f4 {[%clk 00:30:33]} {[%emt
00:00:25]} Qe3 {[%clk 00:38:41]} {[%emt 00:00:57]} 26. Qxe1 {[%clk 00:24:34]}
{[%emt 00:06:09]} Qxe1 {[%clk 00:38:36]} {[%emt 00:00:15]} 27. Re4 {[%clk
00:24:34]} {[%emt 00:00:03]} Qxe4 {[%clk 00:38:12]} {[%emt 00:00:35]} 28. Bxe4
{[%clk 00:24:34]} {[%emt 00:00:07]} Rd8 {[%clk 00:37:45]} {[%emt 00:00:38]} 29.
Kg3 {[%clk 00:23:39]} {[%emt 00:01:05]} Rd2 {[%clk 00:37:18]} {[%emt 00:00:36]}
30. a4 {[%clk 00:23:24]} {[%emt 00:00:23]} Rd4 {[%clk 00:37:12]} {[%emt
00:00:17]} 31. Bc2 {[%clk 00:22:44]} {[%emt 00:00:50]} c5 {[%clk 00:36:18]}
{[%emt 00:01:05]} 32. Kf3 {[%clk 00:22:21]} {[%emt 00:00:33]} c4 {[%clk
00:36:09]} {[%emt 00:00:20]} 33. axb5 {[%clk 00:22:19]} {[%emt 00:00:11]} cxb3
{[%clk 00:36:02]} {[%emt 00:00:17]} 34. Bxb3 {[%clk 00:22:04]} {[%emt
00:00:24]} Rd3+ {[%clk 00:36:02]} {[%emt 00:00:09]} 35. Ke4 {[%clk 00:22:02]}
{[%emt 00:00:13]} Rxb3 {[%clk 00:35:58]} {[%emt 00:00:14]} 36. bxa6 {[%clk
00:22:02]} {[%emt 00:00:09]} Ra3 {[%clk 00:35:58]} {[%emt 00:00:10]} 0-1

[Event "2025 National K-12 Grade Championship"]
[Site "Spokane, WI USA, United States"]
[Date "2025.12.12"]
[Round "2.19"]
[White "Guo, Ethan"]
[Black "Sripada, Vishnu"]
[Result "1-0"]
[TimeControl "G/90; d10"]
[WhiteTitle "FM"]
[WhiteFideId "30976359"]
[BlackFideId "39958540"]
[WhiteElo "2367"]
[BlackElo "1733"]

1. e4 {[%clk 01:30:00]} c6 {[%clk 01:29:45]} {[%emt 00:00:26]} 2. d4 {[%clk
01:30:00]} {[%emt 00:00:09]} d5 {[%clk 01:29:45]} {[%emt 00:00:06]} 3. e5
{[%clk 01:30:00]} {[%emt 00:00:05]} Bf5 {[%clk 01:28:55]} {[%emt 00:01:00]} 4.
Nd2 {[%clk 01:29:41]} {[%emt 00:00:29]} e6 {[%emt 00:00:46]} 5. Nb3 {[%clk
01:29:30]} {[%emt 00:00:19]} Nd7 {[%clk 01:26:54]} {[%emt 00:01:37]} 6. Nf3
{[%clk 01:29:30]} {[%emt 00:00:07]} Ne7 {[%clk 01:22:35]} {[%emt 00:04:29]} 7.
Be2 {[%clk 01:29:04]} {[%emt 00:00:37]} h6 {[%clk 01:22:32]} {[%emt 00:00:13]}
8. O-O {[%clk 01:29:03]} {[%emt 00:00:11]} Bh7 {[%clk 01:22:30]} {[%emt
00:00:12]} 9. a4 {[%clk 01:28:54]} {[%emt 00:00:18]} Nf5 {[%clk 01:22:02]}
{[%emt 00:00:38]} 10. a5 {[%clk 01:28:13]} {[%emt 00:00:51]} Be7 {[%clk
01:20:24]} {[%emt 00:01:48]} 11. c4 {[%clk 01:25:38]} {[%emt 00:02:45]} dxc4
{[%clk 01:18:49]} {[%emt 00:01:45]} 12. Bxc4 {[%clk 01:25:38]} {[%emt
00:00:08]} O-O {[%clk 01:18:41]} {[%emt 00:00:19]} 13. Qe2 {[%clk 01:22:51]}
{[%emt 00:02:58]} Qc7 {[%clk 01:14:16]} {[%emt 00:04:34]} 14. g4 {[%clk
01:18:34]} {[%emt 00:04:27]} Nh4 {[%clk 01:13:44]} {[%emt 00:00:41]} 15. Nxh4
{[%clk 01:18:34]} {[%emt 00:00:10]} Bxh4 {[%clk 01:13:44]} {[%emt 00:00:02]} 16.
f4 {[%clk 01:18:34]} {[%emt 00:00:07]} b5 {[%clk 01:12:48]} {[%emt 00:01:07]}
17. axb6 {[%clk 01:16:09]} {[%emt 00:02:35]} Nxb6 {[%clk 01:12:16]} {[%emt
00:00:41]} 18. f5 {[%clk 01:12:56]} {[%emt 00:03:23]} exf5 {[%clk 01:09:12]}
{[%emt 00:03:13]} 19. gxf5 {[%clk 01:12:23]} {[%emt 00:00:42]} Qd7 {[%clk
01:08:56]} {[%emt 00:00:26]} 20. Bd3 {[%clk 01:09:18]} {[%emt 00:03:15]} Qd5
{[%clk 01:05:42]} {[%emt 00:03:24]} 21. Qc2 {[%clk 01:08:51]} {[%emt 00:00:37]}
Rac8 {[%clk 01:04:39]} {[%emt 00:01:13]} 22. Be3 {[%clk 01:04:26]} {[%emt
00:04:35]} Be7 {[%clk 00:59:08]} {[%emt 00:05:37]} 23. Be4 {[%clk 01:01:25]}
{[%emt 00:03:14]} Qc4 {[%clk 00:55:38]} {[%emt 00:03:41]} 24. Rfc1 {[%clk
00:57:55]} {[%emt 00:03:39]} Qxc2 {[%clk 00:55:22]} {[%emt 00:00:26]} 25. Rxc2
{[%clk 00:57:54]} {[%emt 00:00:11]} Nd5 {[%clk 00:55:19]} {[%emt 00:00:13]} 26.
Bd2 {[%clk 00:56:07]} {[%emt 00:01:57]} Rfd8 {[%clk 00:52:15]} {[%emt
00:03:15]} 27. Rxa7 {[%clk 00:53:21]} {[%emt 00:02:56]} Bf8 {[%clk 00:52:08]}
{[%emt 00:00:15]} 28. Ba5 {[%clk 00:41:28]} {[%emt 00:12:05]} Re8 {[%clk
00:51:52]} {[%emt 00:00:24]} 29. Rxc6 {[%clk 00:35:15]} {[%emt 00:06:24]} Ne7
{[%clk 00:49:40]} {[%emt 00:02:22]} 30. Rxc8 {[%clk 00:35:00]} {[%emt
00:00:26]} Rxc8 {[%clk 00:49:40]} {[%emt 00:00:02]} 31. f6 {[%clk 00:33:49]}
{[%emt 00:01:21]} Nf5 {[%clk 00:49:20]} {[%emt 00:00:30]} 32. fxg7 {[%clk
00:28:34]} {[%emt 00:05:25]} Bxg7 {[%clk 00:48:09]} {[%emt 00:01:20]} 33. Bc7
{[%clk 00:27:56]} {[%emt 00:00:48]} Bf8 {[%clk 00:47:27]} {[%emt 00:00:52]} 34.
Bxf5 {[%clk 00:26:34]} {[%emt 00:01:32]} Bxf5 {[%clk 00:47:27]} {[%emt
00:00:02]} 35. Nc5 {[%clk 00:26:34]} {[%emt 00:00:09]} Bxc5 {[%clk 00:47:16]}
{[%emt 00:00:21]} 36. dxc5 {[%clk 00:26:34]} {[%emt 00:00:08]} Be4 {[%clk
00:47:16]} {[%emt 00:00:03]} 37. b4 {[%clk 00:25:48]} {[%emt 00:00:57]} Bc6
{[%clk 00:47:15]} {[%emt 00:00:10]} 38. Bd6 {[%clk 00:25:04]} {[%emt 00:00:53]}
Ra8 {[%emt 00:00:15]} 39. Rxa8+ {[%clk 00:23:46]} {[%emt 00:01:27]} Bxa8 {[%clk
00:45:06]} {[%emt 00:02:15]} 40. Kf2 {[%clk 00:23:13]} {[%emt 00:00:43]} Kg7
{[%clk 00:45:06]} {[%emt 00:00:02]} 41. Ke3 {[%clk 00:23:11]} {[%emt 00:00:12]}
Kg6 {[%clk 00:44:46]} {[%emt 00:00:30]} 42. b5 {[%clk 00:23:11]} {[%emt
00:00:09]} Kf5 {[%clk 00:44:46]} {[%emt 00:00:06]} 43. c6 {[%clk 00:22:29]}
{[%emt 00:00:53]} Ke6 {[%clk 00:44:46]} {[%emt 00:00:01]} 44. Kd4 {[%clk
00:22:29]} {[%emt 00:00:07]} f5 {[%clk 00:44:44]} {[%emt 00:00:12]} 45. exf6
{[%clk 00:21:58]} {[%emt 00:00:41]} Kxd6 {[%clk 00:44:44]} {[%emt 00:00:03]} 46.
f7 {[%clk 00:21:58]} {[%emt 00:00:06]} 1-0